[Event "Chess.com Classic Div 2 W"]
[Site "chess.com INT"]
[Date "2024.05.11"]
[Round "2.4"]
[White "Hakobyan, Aram"]
[Black "Dubov, Daniil"]
[Result "0-1"]
[WhiteTitle "GM"]
[BlackTitle "GM"]
[WhiteElo "2617"]
[BlackElo "2707"]
[WhiteFideId "13306677"]
[BlackFideId "24126055"]
[EventDate "2024.05.10"]
[EventType "k.o."]

1. d4 Nf6 2. c4 e6 3. Nf3 d5 4. e3 Be7 5. Nc3 O-O 6. cxd5 exd5 7. Bd3 Re8 8. O-O
Bd6 9. h3 Nbd7 10. Qc2 c6 11. Bd2 Nf8 12. Rfe1 Bd7 13. Re2 Ng6 14. Ng5 Rc8 15.
Rae1 c5 16. dxc5 Rxc5 17. Qb1 Bb8 18. e4 Nf4 19. Bxf4 Bxf4 20. Nxf7 Kxf7 21. e5
d4 22. exf6 dxc3 23. Re7+ Kxf6 24. Bxh7 c2 25. Bxc2 Rxe7 26. Rd1 Qc7 27. Bh7 Bf5
28. Bxf5 Rc1 29. Rxc1 Qxc1+ 30. Qxc1 Bxc1 0-1

[Event "Chess.com Classic Div 2 W"]
[Site "chess.com INT"]
[Date "2024.05.11"]
[Round "2.4"]
[White "Martinez Alcantara, Jose Eduardo"]
[Black "Vachier-Lagrave, Maxime"]
[Result "1/2-1/2"]
[WhiteTitle "GM"]
[BlackTitle "GM"]
[WhiteElo "2612"]
[BlackElo "2732"]
[WhiteFideId "3805662"]
[BlackFideId "623539"]
[EventDate "2024.05.10"]
[EventType "k.o."]

1. e4 c5 2. Nf3 d6 3. Bb5+ Bd7 4. c4 g6 5. Nc3 Bg7 6. O-O Nf6 7. d4 cxd4 8. Nxd4
O-O 9. Bxd7 Qxd7 10. f3 Rc8 11. b3 d5 12. Nxd5 Nxd5 13. cxd5 e6 14. f4 Nc6 15.
Be3 exd5 16. e5 Nxd4 17. Qxd4 b6 18. Rad1 Rd8 19. f5 gxf5 20. Bg5 Re8 21. Bf6
Bxf6 22. exf6 h6 23. Rf3 Kh7 24. Qd3 Qe6 25. Rxf5 Qe3+ 26. Qxe3 Rxe3 27. Rfxd5
Kg6 28. Rd7 Re2 29. R1d2 Rxd2 30. Rxd2 Rc8 31. Kf2 Kxf6 32. Kf3 Rc5 33. Ke4 Ke6
34. g3 a5 35. h4 b5 36. Rd8 Rc2 37. Rb8 b4 38. Rb6+ Ke7 39. Rxh6 Rxa2 40. Ra6
Ra3 41. g4 Rxb3 42. Rxa5 Rh3 43. h5 Kf6 44. Rb5 b3 45. Kf4 Kg7 46. Kg5 Rf3 47.
Rb6 f6+ 48. Kh4 Rc3 49. Rb7+ Kh6 50. Rb6 Kg7 51. Rb7+ Kh6 52. Rf7 Rc6 53. Rb7
Rc3 1/2-1/2

[Event "Chess.com Classic Div 2 W"]
[Site "chess.com INT"]
[Date "2024.05.11"]
[Round "2.4"]
[White "Oparin, Grigoriy"]
[Black "Esipenko, Andrey"]
[Result "1/2-1/2"]
[WhiteTitle "GM"]
[BlackTitle "GM"]
[WhiteElo "2676"]
[BlackElo "2704"]
[WhiteFideId "24125890"]
[BlackFideId "24175439"]
[EventDate "2024.05.10"]
[EventType "k.o."]

1. Nf3 Nf6 2. g3 b5 3. e3 a6 4. Bg2 Bb7 5. O-O e6 6. b3 Be7 7. Bb2 O-O 8. c4 c5
9. Nc3 bxc4 10. bxc4 d6 11. Rb1 Nbd7 12. d3 Qc7 13. e4 Rab8 14. Qc2 Bc6 15. Ne2
Rb7 16. Bc3 Rfb8 17. Rb3 Qc8 18. Rxb7 Qxb7 19. Ba1 Ng4 20. h3 Nge5 21. Nxe5 Nxe5
22. d4 cxd4 23. Nxd4 Bd7 24. c5 dxc5 25. Nxe6 Bxe6 26. Bxe5 Rd8 27. f4 f6 28.
Bc3 c4 29. Rd1 Qb6+ 30. Kh2 Qe3 31. Rxd8+ Bxd8 32. Qd2 Qxd2 33. Bxd2 c3 34. Bxc3
Bxa2 35. e5 fxe5 36. fxe5 a5 37. Bc6 Kf7 38. Kg2 Ke6 39. Kf2 Bb3 40. Bb7 Kd7 41.
Ke3 a4 42. Ke4 Be6 43. g4 a3 44. Bd5 a2 45. Bd4 g6 46. Bb2 h5 47. Bc3 Ba5 48.
Bb2 Bb4 49. Bd4 Ba3 50. Bc3 Be7 51. Bd4 Ba3 52. Bc3 Be7 53. Bd4 Ba3 1/2-1/2

[Event "Chess.com Classic Div 2 W"]
[Site "chess.com INT"]
[Date "2024.05.11"]
[Round "2.5"]
[White "Oparin, Grigoriy"]
[Black "Esipenko, Andrey"]
[Result "1-0"]
[WhiteTitle "GM"]
[BlackTitle "GM"]
[WhiteElo "2676"]
[BlackElo "2704"]
[WhiteFideId "24125890"]
[BlackFideId "24175439"]
[EventDate "2024.05.10"]
[EventType "k.o."]

1. e4 e5 2. Nf3 Nc6 3. Bc4 Nf6 4. d3 Be7 5. O-O O-O 6. Re1 d6 7. a4 Be6 8. Nc3
Bxc4 9. dxc4 a5 10. Nd5 b6 11. Ra3 Nb8 12. h3 Nbd7 13. Rae3 h6 14. b3 Nxd5 15.
Qxd5 Nc5 16. R3e2 Ne6 17. g3 Qc8 18. h4 Rd8 19. Rd1 Bf6 20. Kg2 c6 21. Qd3 Nc5
22. Qe3 Qb7 23. Ba3 Be7 24. Red2 Qc7 25. Nh2 Rd7 26. Qf3 Rad8 27. Ng4 h5 28. Nh2
g6 29. Qe3 Ne6 30. Nf3 Bf6 31. Bb2 Qb7 32. Qe2 Qc7 33. Qe1 Qb7 34. Qe3 Qc7 35.
Ba3 Qb8 36. Rd3 Qc7 37. Qe2 Bg7 38. Ng5 Nc5 39. Bxc5 dxc5 40. Nf3 Bf6 41. Nh2
Kg7 42. Nf1 Rd6 43. Qf3 R8d7 44. Qe3 Qd8 45. Qe2 Rxd3 46. cxd3 Rd6 47. Qe3 Qd7
48. Nh2 Be7 49. Qf3 Bf6 50. Rd2 Be7 51. Nf1 Qe6 52. Qe2 Bf6 53. Ne3 Be7 54. Rd1
Bf6 55. Kf1 Qh3+ 56. Ke1 Qe6 57. Kd2 Qd7 58. Kc2 Kf8 59. Qf3 Ke8 60. Qe2 Kd8 61.
Rh1 Kc7 62. Nd1 Kb7 63. Qe3 Bg7 64. Re1 f5 65. f3 Qf7 66. Rf1 f4 67. Qg1 fxg3
68. Qxg3 Bf6 69. Nf2 Qd7 70. Qxg6 Bxh4 71. Qxh5 Bg3 72. Qg4 Bf4 73. Qxd7+ Rxd7
74. Rh1 Be3 75. Ng4 Bd4 76. Kd2 Rf7 77. Ke2 b5 78. Rh5 Re7 79. cxb5 cxb5 80. Nf6
bxa4 81. bxa4 1-0

[Event "Chess.com Classic Div 2 W"]
[Site "chess.com INT"]
[Date "2024.05.12"]
[Round "3.1"]
[White "Aronian, Levon"]
[Black "Oparin, Grigoriy"]
[Result "1-0"]
[WhiteTitle "GM"]
[BlackTitle "GM"]
[WhiteElo "2730"]
[BlackElo "2676"]
[WhiteFideId "13300474"]
[BlackFideId "24125890"]
[EventDate "2024.05.10"]
[EventType "k.o."]

1. e4 c5 2. Nf3 Nc6 3. Bb5 e5 4. O-O Bd6 5. d3 Nf6 6. Be3 a6 7. Bxc6 dxc6 8.
Nbd2 Be6 9. b3 Nd7 10. Ng5 Qe7 11. Qh5 h6 12. Nxe6 Qxe6 13. Nc4 Bc7 14. f4 exf4
15. Bxf4 Bxf4 16. Rxf4 b5 17. Ne3 g6 18. Qf3 f6 19. Rf1 O-O-O 20. Ng4 h5 21.
Nxf6 Ne5 22. Qg3 Kb7 23. h3 Qd6 24. Kh1 Qd4 25. Qg5 Kb6 26. a4 Qd6 27. Nd5+ Kb7
28. Rf6 Qb8 29. Rf7+ Nxf7 30. Rxf7+ Ka8 31. Nc7+ Kb7 32. Ne6+ 1-0

[Event "Chess.com Classic Div 2 W"]
[Site "chess.com INT"]
[Date "2024.05.12"]
[Round "3.1"]
[White "Vachier-Lagrave, Maxime"]
[Black "Dubov, Daniil"]
[Result "1-0"]
[WhiteTitle "GM"]
[BlackTitle "GM"]
[WhiteElo "2732"]
[BlackElo "2707"]
[WhiteFideId "623539"]
[BlackFideId "24126055"]
[EventDate "2024.05.10"]
[EventType "k.o."]

1. e4 e5 2. Nf3 Nc6 3. Bc4 Nf6 4. d3 Be7 5. O-O O-O 6. Re1 d6 7. a3 Be6 8. Nc3
Bxc4 9. dxc4 a5 10. Qd3 b6 11. Nd5 Nxd5 12. cxd5 Nb8 13. Be3 Nd7 14. b4 h6 15.
c4 Re8 16. g3 Bf8 17. Nd2 Be7 18. h4 Rf8 19. Nb3 axb4 20. axb4 Nf6 21. c5 Rxa1
22. Rxa1 bxc5 23. bxc5 Ng4 24. Kg2 Nxe3+ 25. Qxe3 dxc5 26. Nxc5 c6 27. dxc6 Qd6
28. Nd7 Rc8 29. Rc1 Rxc6 30. Rxc6 Qxc6 31. Nxe5 Qb5 32. Nd3 h5 33. Nf4 Qe5 34.
Qd3 Bxh4 35. Qd5 Qxd5 36. exd5 Be7 37. Nxh5 f5 38. Nf4 Kf7 39. Kf3 g5 40. Nd3
g4+ 41. Ke3 Bd6 42. Kd4 Kf6 43. Kc4 Ke7 44. Nc5 Bb8 45. Ne6 Kd7 46. Ng7 f4 47.
Nh5 fxg3 48. fxg3 Kd6 49. Kd4 Ba7+ 50. Ke4 Bf2 51. Ng7 Be1 52. Nf5+ Kc5 53. Ke5
Kc4 54. d6 Kd3 55. d7 Ba5 56. Ke6 Ke4 57. Ng7 Bc7 58. Nh5 Bd8 59. Kf7 Bg5 60.
Ke8 1-0

[Event "Chess.com Classic Div 2 W"]
[Site "chess.com INT"]
[Date "2024.05.12"]
[Round "3.2"]
[White "Dubov, Daniil"]
[Black "Vachier-Lagrave, Maxime"]
[Result "1/2-1/2"]
[WhiteTitle "GM"]
[BlackTitle "GM"]
[WhiteElo "2707"]
[BlackElo "2732"]
[WhiteFideId "24126055"]
[BlackFideId "623539"]
[EventDate "2024.05.10"]
[EventType "k.o."]

1. d4 Nf6 2. c4 g6 3. Nc3 d5 4. cxd5 Nxd5 5. e4 Nxc3 6. bxc3 Bg7 7. Nf3 c5 8.
Bb5+ Nc6 9. O-O O-O 10. Bxc6 bxc6 11. Qc2 Qa5 12. a4 cxd4 13. cxd4 Bg4 14. Ne5
Bxe5 15. dxe5 Rfd8 16. h3 Be6 17. Be3 Rab8 18. Qc5 Qxc5 19. Bxc5 Rd7 20. Rfd1
Rbd8 21. Rxd7 Rxd7 22. Rb1 f6 23. exf6 exf6 24. Rb8+ Kf7 25. Rf8+ Kg7 26. Ra8 g5
27. Rxa7 Rxa7 28. Bxa7 h5 29. a5 Bc4 30. f3 h4 31. Kf2 Kf7 32. Bc5 Ke6 33. Ke3
f5 34. Kd4 Bf1 35. e5 Ba6 36. Bb6 Kd7 37. Kc5 Bf1 38. e6+ Ke7 39. Bc7 f4 40. Be5
Kxe6 41. Bc7 Kf5 42. Bd8 Kg6 43. Be7 Kf5 44. Bd8 Kg6 45. Bc7 Kf5 46. Bd6 Kg6 47.
Be5 Kf5 48. Bc3 Kg6 49. Be5 Kf5 50. Bb8 Kg6 51. Bc7 Kf5 1/2-1/2

[Event "Chess.com Classic Div 2 W"]
[Site "chess.com INT"]
[Date "2024.05.12"]
[Round "3.2"]
[White "Oparin, Grigoriy"]
[Black "Aronian, Levon"]
[Result "1-0"]
[WhiteTitle "GM"]
[BlackTitle "GM"]
[WhiteElo "2676"]
[BlackElo "2730"]
[WhiteFideId "24125890"]
[BlackFideId "13300474"]
[EventDate "2024.05.10"]
[EventType "k.o."]

1. e4 e5 2. Nf3 Nc6 3. Bb5 Nf6 4. d3 Bc5 5. Bxc6 dxc6 6. O-O Bd6 7. Bg5 h6 8.
Bh4 g5 9. Bg3 Be6 10. Qd2 Nd7 11. d4 f6 12. Qa5 Bc4 13. Rd1 Be2 14. Rd2 Bxf3 15.
gxf3 Qe7 16. a3 h5 17. dxe5 Bxe5 18. Qb4 h4 19. Bxe5 Nxe5 20. Qxb7 Nxf3+ 21. Kh1
O-O 22. Qb3+ 1-0

[Event "Chess.com Classic Div 2 W"]
[Site "chess.com INT"]
[Date "2024.05.12"]
[Round "3.3"]
[White "Aronian, Levon"]
[Black "Oparin, Grigoriy"]
[Result "0-1"]
[WhiteTitle "GM"]
[BlackTitle "GM"]
[WhiteElo "2730"]
[BlackElo "2676"]
[WhiteFideId "13300474"]
[BlackFideId "24125890"]
[EventDate "2024.05.10"]
[EventType "k.o."]

1. e4 c5 2. Nf3 d6 3. Bb5+ Bd7 4. c4 Nf6 5. Nc3 g6 6. d4 cxd4 7. Nxd4 Bg7 8. Be3
O-O 9. h3 a6 10. Bxd7 Nfxd7 11. O-O Nc6 12. Rc1 Rc8 13. b3 Qa5 14. Nxc6 bxc6 15.
Na4 c5 16. f4 Nb8 17. Bd2 Qd8 18. Nc3 Nc6 19. Kh1 f5 20. exf5 gxf5 21. Qe1 Qd7
22. Rf3 Nd4 23. Re3 Rce8 24. Qh4 Kh8 25. Ne2 e5 26. Nc3 Re6 27. Nd5 Rg6 28. Qf2
e4 29. Bc3 Rg8 30. Rd1 Ne6 31. g4 fxg4 32. f5 Qf7 33. Rf1 Bxc3 34. fxg6 Qxf2 35.
Rxf2 Bd4 36. Rf7 Ng5 37. Rxe4 Nxf7 38. gxf7 Rf8 39. Re8 Kg7 40. Rxf8 Kxf8 41.
hxg4 Kxf7 42. Kg2 Ke6 43. Kf3 Ke5 44. Ne7 Bc3 45. Nc6+ Ke6 46. Ke4 Be1 47. Nb8
a5 48. Na6 Bd2 49. Nc7+ Kd7 50. Nd5 Ke6 51. Nc7+ Kd7 52. Nb5 Ke6 53. Na7 Be1 54.
Nc6 Bc3 55. Nd8+ Ke7 56. Nb7 Ke6 57. a3 Be1 58. Nd8+ Ke7 59. Nb7 Ke6 60. a4 Bd2
61. Nd8+ Ke7 62. Nc6+ Ke6 63. Na7 Be1 64. Nb5 Bd2 65. Nc7+ Kd7 66. Nd5 Ke6 67.
Kd3 Be1 68. Ke2 Bg3 69. Ke3 Be1 70. Nf4+ Kf6 71. Ke4 Kg5 72. Kf3 Kf6 73. Ng2 Bd2
74. Ke2 Bc1 75. Ne1 Kg5 76. Kf3 Bd2 77. Nd3 Kf6 78. Ke4 Kg5 79. Kf3 Kf6 80. Ke2
Bc3 81. Nf4 Ke5 82. Nd5 Bb2 83. Kd3 Bc1 84. Ke2 Kd4 85. Kd1 Bg5 86. Ke2 Bh6 87.
Nf6 Kc3 88. g5 Bxg5 89. Ne4+ Kxb3 90. Nxg5 Kxa4 91. Kd2 Kb3 92. Ne4 a4 93. Kc1
a3 94. Kb1 h5 95. Nxd6 h4 96. Ne4 Kxc4 97. Ka2 Kb4 98. Ng5 c4 99. Nh3 c3 0-1

[Event "Chess.com Classic Div 2 W"]
[Site "chess.com INT"]
[Date "2024.05.12"]
[Round "3.3"]
[White "Vachier-Lagrave, Maxime"]
[Black "Dubov, Daniil"]
[Result "1/2-1/2"]
[WhiteTitle "GM"]
[BlackTitle "GM"]
[WhiteElo "2732"]
[BlackElo "2707"]
[WhiteFideId "623539"]
[BlackFideId "24126055"]
[EventDate "2024.05.10"]
[EventType "k.o."]

1. e4 e5 2. Nf3 Nc6 3. Bc4 Nf6 4. d3 Be7 5. O-O O-O 6. Re1 d6 7. a3 h6 8. b4 Re8
9. Bb2 Bf8 10. Nbd2 Ne7 11. d4 exd4 12. e5 dxe5 13. Nxe5 Ned5 14. Nb3 c6 15.
Bxd4 Bf5 16. Bd3 Bxd3 17. Qxd3 Bd6 18. g3 Qc7 19. Nf3 Nd7 20. c4 N5f6 21. Rxe8+
Rxe8 22. Bxa7 Ne5 23. Nxe5 Bxe5 24. Bd4 Bxd4 25. Qxd4 Re4 26. Qd3 Qe5 27. Rd1
Ng4 28. Nd4 Re1+ 29. Rxe1 Qxe1+ 30. Qf1 Qc3 31. Nf5 Qe5 32. Nh4 Qb2 33. Nf5 Qe5
34. Nh4 Qb2 35. Qe1 Ne5 36. Qe4 f6 37. Nf5 Qc1+ 38. Kg2 Qxc4 39. Nd6 Qxe4+ 40.
Nxe4 b5 41. Nd2 Kf7 42. f4 Ng4 43. h3 Ne3+ 44. Kf3 Nc2 45. Nb1 f5 46. Ke2 Nd4+
47. Ke3 Ne6 48. Nd2 g5 49. Nf3 gxf4+ 50. gxf4 Kf6 51. Nd4 Nxd4 52. Kxd4 Ke6 53.
Kc5 Kd7 54. h4 h5 55. Kd4 Kd6 56. Kc3 c5 57. bxc5+ Kxc5 58. Kb3 Kc6 59. Kc2 Kd5
60. Kd3 Kc5 61. Kc3 Kd5 62. Kd3 Kc5 63. Kc3 Kc6 64. Kc2 Kd6 65. Kd2 Kc5 66. Kc3 1/2-1/2

[Event "Chess.com Classic Div 2 W"]
[Site "chess.com INT"]
[Date "2024.05.12"]
[Round "3.5"]
[White "Dubov, Daniil"]
[Black "Vachier-Lagrave, Maxime"]
[Result "1/2-1/2"]
[WhiteTitle "GM"]
[BlackTitle "GM"]
[WhiteElo "2707"]
[BlackElo "2732"]
[WhiteFideId "24126055"]
[BlackFideId "623539"]
[EventDate "2024.05.10"]
[EventType "k.o."]

1. d4 Nf6 2. c4 g6 3. Nc3 d5 4. cxd5 Nxd5 5. e4 Nxc3 6. bxc3 Bg7 7. Nf3 c5 8.
Bb5+ Nc6 9. O-O O-O 10. Bxc6 bxc6 11. Qc2 Qa5 12. a4 Bg4 13. Ne5 Bxe5 14. dxe5
Rfd8 15. Bg5 Qc7 16. h3 Be6 17. f4 Bc4 18. Rf3 Kg7 19. Qf2 f6 20. exf6+ exf6 21.
Bh4 Rd3 22. Rxd3 Bxd3 23. Re1 Rf8 24. Qd2 c4 25. e5 f5 26. Bf6+ Kf7 27. Kh2 Ke6
28. Qf2 Qb6 29. Qh4 Rf7 30. Be7 Be4 31. Bd6 Qb2 32. Rxe4 fxe4 33. Qd8 Qb7 34.
Qe8+ Kd5 35. e6 Rg7 36. e7 Ke6 37. Kg3 h5 38. a5 Qd7 39. Qd8 Rxe7 40. Bxe7 Qxe7
41. Qxe7+ Kxe7 42. Kf2 Ke6 43. g4 a6 44. Ke3 hxg4 45. hxg4 Kd5 46. Kf2 Ke6 47.
Ke2 Kd6 48. Kf2 Ke6 49. Kg3 Kf6 50. Kf2 Ke6 1/2-1/2

[Event "Chess.com Classic Div 2 W"]
[Site "chess.com INT"]
[Date "2024.05.13"]
[Round "4.1"]
[White "Vachier-Lagrave, Maxime"]
[Black "Oparin, Grigoriy"]
[Result "1/2-1/2"]
[WhiteTitle "GM"]
[BlackTitle "GM"]
[WhiteElo "2732"]
[BlackElo "2676"]
[WhiteFideId "623539"]
[BlackFideId "24125890"]
[EventDate "2024.05.10"]
[EventType "k.o."]

1. e4 e5 2. Nf3 Nc6 3. Bb5 a6 4. Ba4 Nf6 5. O-O Be7 6. d3 b5 7. Bb3 d6 8. a3 Na5
9. Ba2 c5 10. Nc3 Be6 11. Bg5 O-O 12. Bxf6 Bxf6 13. Nd5 Nc6 14. a4 Rb8 15. c3 g6
16. axb5 axb5 17. Ne3 Qd7 18. Bxe6 fxe6 19. g3 Bg7 20. Kg2 d5 21. Qe2 Rbd8 22.
Rfd1 Qb7 23. h4 h6 24. Ng4 Kh7 25. h5 gxh5 26. Ne3 Rf7 27. Nh4 Rdf8 28. Rf1 c4
29. exd5 Ne7 30. dxc4 bxc4 31. Nxc4 Qxd5+ 32. Kg1 Nf5 33. Nxf5 exf5 34. Ra5 Qe6
35. Nxe5 Re7 36. Re1 h4 37. gxh4 Rfe8 38. Ra6 Qxe5 39. Qxe5 Rxe5 40. Rxe5 Rxe5
41. Rc6 Re1+ 42. Kg2 Rb1 43. b4 Rb3 44. c4 Rxb4 45. Kf3 Rb2 46. Ke3 h5 47. f3
Bh6+ 48. Kd4 Re2 49. c5 Bg7+ 50. Kd3 Rh2 51. Rd6 Ra2 52. Kc4 Ra3 53. f4 Ra4+ 54.
Kb5 Rxf4 55. c6 Rf1 56. Rd5 Rb1+ 57. Ka6 Rc1 58. Kb7 Kg6 59. c7 Bf6 60. Rd6
Rxc7+ 61. Kxc7 f4 62. Rd5 Bxh4 63. Kd6 f3 64. Rd3 f2 65. Rf3 Kg5 66. Ke5 Kg4 67.
Ke4 Bg3 68. Ke3 Kh3 69. Rxf2 Bxf2+ 70. Kxf2 Kh2 71. Kf1 h4 72. Kf2 h3 73. Kf1
Kh1 74. Kf2 h2 75. Kf1 1/2-1/2

[Event "Chess.com Classic Div 2 W"]
[Site "chess.com INT"]
[Date "2024.05.13"]
[Round "4.2"]
[White "Oparin, Grigoriy"]
[Black "Vachier-Lagrave, Maxime"]
[Result "0-1"]
[WhiteTitle "GM"]
[BlackTitle "GM"]
[WhiteElo "2676"]
[BlackElo "2732"]
[WhiteFideId "24125890"]
[BlackFideId "623539"]
[EventDate "2024.05.10"]
[EventType "k.o."]

1. e4 c5 2. Nf3 d6 3. d4 cxd4 4. Nxd4 Nf6 5. Bc4 g6 6. f3 Bg7 7. Nc3 a6 8. Be3
b5 9. Bb3 Bb7 10. Qd2 h5 11. a4 bxa4 12. Bxa4+ Nbd7 13. Nc6 Qc8 14. Na5 O-O 15.
O-O Rb8 16. Nxb7 Rxb7 17. Bb3 Nc5 18. Bxc5 Qxc5+ 19. Kh1 Ra8 20. Nd5 e6 21. Ra5
Rb5 22. Nxf6+ Bxf6 23. Rfa1 Rxa5 24. Rxa5 Qb6 25. Ra2 Rc8 26. g3 Rc5 27. Kg2 Kg7
28. h4 g5 29. hxg5 Rxg5 30. Ra1 Rg6 31. Rh1 h4 32. g4 Qb5 33. Kh3 Qe5 34. Rg1 a5
35. c3 Bg5 36. Qd3 Rf6 37. Bd1 Bf4 38. Qd4 Qg5 39. Rg2 Be5 40. Qd2 Rf4 41. Qf2
Bf6 42. Qd2 Be5 43. Qf2 Rf6 44. Qd2 Bf4 45. Qd4 Kg6 46. Qd3 Kh6 47. b4 axb4 48.
cxb4 Rg6 49. b5 Qc5 50. Qb3 Qb6 51. Qc3 Kh7 52. Be2 Rg8 53. Qf6 Bg3 54. Qxf7+
Rg7 55. Qh5+ Kg8 56. Qe8+ Kh7 57. Qxe6 Qe3 58. Qf5+ Rg6 59. e5 Qc1 60. g5 Qh1+
61. Kg4 Qxg2 62. Kh5 Qxe2 63. Qxg6+ Kh8 64. Qf6+ Kg8 65. Qd8+ Kg7 66. Qe7+ Kg8
67. Qe8+ Kg7 68. Qg6+ Kh8 69. Qf6+ Kg8 70. Kh6 Qxe5 71. Qg6+ Kf8 72. Kh5 h3 73.
b6 h2 74. Qh6+ Kf7 75. Qh7+ Ke6 76. Qg8+ Kd7 77. Qf7+ Kc6 78. Qc7+ Kb5 79. Qd7+
Kxb6 80. Qd8+ Kc5 81. Qa5+ Kc6 82. Qa6+ Kd7 83. Qb7+ Ke6 84. Qc8+ Kd5 85. Qb7+
Kc4 86. Qa6+ Kb3 87. Qd3+ Kb4 88. Qd2+ Qc3 89. Qg2 Qc1 0-1

[Event "Chess.com Classic Div 2 W"]
[Site "chess.com INT"]
[Date "2024.05.13"]
[Round "4.3"]
[White "Vachier-Lagrave, Maxime"]
[Black "Oparin, Grigoriy"]
[Result "1-0"]
[WhiteTitle "GM"]
[BlackTitle "GM"]
[WhiteElo "2732"]
[BlackElo "2676"]
[WhiteFideId "623539"]
[BlackFideId "24125890"]
[EventDate "2024.05.10"]
[EventType "k.o."]

1. e4 c5 2. Nf3 d6 3. d4 cxd4 4. Nxd4 Nf6 5. Nc3 Nc6 6. Bc4 Bd7 7. O-O e6 8. Bb3
a6 9. Be3 Na5 10. f4 Qc7 11. f5 e5 12. Nde2 Nxb3 13. axb3 h6 14. Ng3 Bc6 15. Nd5
Bxd5 16. exd5 Be7 17. c3 h5 18. Qd3 h4 19. Ne4 Nxe4 20. Qxe4 Qd8 21. Qg4 Bf6 22.
b4 b5 23. Ra5 Qc8 24. Rfa1 O-O 25. Bg5 Bxg5 26. Qxg5 f6 27. Qg4 Rf7 28. Qxh4
Qxf5 29. Rxb5 Qd3 30. Rb6 Qxd5 31. Qe1 Rd7 32. Qe2 a5 33. Qb5 Qxb5 34. Rxb5 a4
35. Ra5 Rad8 36. R5xa4 d5 37. b5 d4 38. cxd4 exd4 39. Ra8 d3 40. Rxd8+ Rxd8 41.
Kf2 Rd5 42. Rd1 Rxb5 43. Rd2 Kf7 44. Ke3 Rb3 45. Kd4 Ke6 46. Kc4 Rb8 47. b4 Rh8
48. h3 Rh4+ 49. Kc3 Kd5 50. Rxd3+ Kc6 51. Rg3 Kb5 52. Rxg7 1-0

[Event "Chess.com Classic Div 2 W"]
[Site "chess.com INT"]
[Date "2024.05.14"]
[Round "5.1"]
[White "So, Wesley"]
[Black "Vachier-Lagrave, Maxime"]
[Result "0-1"]
[WhiteTitle "GM"]
[BlackTitle "GM"]
[WhiteElo "2757"]
[BlackElo "2732"]
[WhiteFideId "5202213"]
[BlackFideId "623539"]
[EventDate "2024.05.10"]
[EventType "k.o."]

1. Nf3 d5 2. g3 c6 3. Bg2 Bg4 4. h3 Bh5 5. O-O Nd7 6. d4 e6 7. c4 Be7 8. Nc3
Ngf6 9. cxd5 exd5 10. Nh4 Bg6 11. Nxg6 hxg6 12. h4 O-O 13. Qd3 Re8 14. Bg5 Nf8
15. Rad1 Ne6 16. Bc1 Bb4 17. a3 Ba5 18. b4 Bc7 19. e4 dxe4 20. Nxe4 Bb6 21. Nc5
Bxc5 22. dxc5 Qxd3 23. Rxd3 a5 24. Bb2 axb4 25. axb4 Red8 26. Rfd1 Rxd3 27. Rxd3
Ra4 28. Rb3 Nd5 29. Bxd5 cxd5 30. Be5 f6 31. Bd6 Nd4 32. Rb2 Nb5 33. Re2 Rxb4
34. Re8+ Kh7 35. Bf8 d4 36. Kg2 d3 37. c6 d2 38. Rd8 Nd4 39. Bxb4 d1=Q 40. c7
Qf3+ 41. Kh2 Qxf2+ 42. Kh3 Qf1+ 43. Kh2 Nf3# 0-1

[Event "Chess.com Classic Div 2 W"]
[Site "chess.com INT"]
[Date "2024.05.14"]
[Round "5.2"]
[White "Vachier-Lagrave, Maxime"]
[Black "So, Wesley"]
[Result "1/2-1/2"]
[WhiteTitle "GM"]
[BlackTitle "GM"]
[WhiteElo "2732"]
[BlackElo "2757"]
[WhiteFideId "623539"]
[BlackFideId "5202213"]
[EventDate "2024.05.10"]
[EventType "k.o."]

1. e4 e5 2. Nf3 Nc6 3. Bb5 Nf6 4. O-O Nxe4 5. Re1 Nd6 6. Nxe5 Be7 7. Bf1 Nxe5 8.
Rxe5 O-O 9. Nc3 Ne8 10. Nd5 Bd6 11. Re1 c6 12. Ne3 Be7 13. c4 Nc7 14. d4 d5 15.
cxd5 Bb4 16. Bd2 Bxd2 17. Qxd2 Nxd5 18. Nxd5 Qxd5 19. Re5 Qd6 20. Bc4 Bd7 21.
Rae1 Rae8 22. Qc3 Rxe5 23. dxe5 Qe7 24. h3 Be6 25. Bxe6 Qxe6 26. Qa5 Qd7 27.
Qxa7 Qd2 28. Qe3 Qxb2 29. e6 Qxa2 30. e7 Re8 31. Rd1 f6 32. Rd7 b5 33. Kh2 h6
34. Qe4 Kf7 35. Qxc6 Rxe7 36. Qb7 Rxd7 37. Qxd7+ Kg6 38. Qg4+ Kh7 39. Qe4+ Kh8
40. Qe8+ Kh7 41. Qe4+ Kh8 42. Qe8+ Kh7 43. Qe4+ 1/2-1/2

[Event "Chess.com Classic Div 2 W"]
[Site "chess.com INT"]
[Date "2024.05.14"]
[Round "5.3"]
[White "So, Wesley"]
[Black "Vachier-Lagrave, Maxime"]
[Result "1/2-1/2"]
[WhiteTitle "GM"]
[BlackTitle "GM"]
[WhiteElo "2757"]
[BlackElo "2732"]
[WhiteFideId "5202213"]
[BlackFideId "623539"]
[EventDate "2024.05.10"]
[EventType "k.o."]

1. c4 e5 2. g3 Nf6 3. Bg2 d5 4. cxd5 Nxd5 5. Nf3 Nc6 6. O-O Nb6 7. b3 Bd6 8. Bb2
O-O 9. Nc3 Re8 10. Rc1 Bf5 11. d3 Qd7 12. Ne4 Bh3 13. Nc5 Bxc5 14. Bxh3 Qxh3 15.
Rxc5 Nd7 16. Rc4 Nf6 17. Rh4 Qe6 18. Qc2 h6 19. Rc1 Rad8 20. Rc4 e4 21. dxe4
Nxe4 22. e3 Rd5 23. Kg2 Nd6 24. Ra4 a5 25. h4 f6 26. Rf4 Ne4 27. Qc4 Nd6 28. Qc2
Ne4 29. Qc4 Nd6 30. Qe2 Ne4 31. Rc4 Nd6 32. Rc2 Ne4 33. Rc4 Nd6 34. Rc2 Ne4 35.
Qc4 Nd6 36. Qe2 1/2-1/2

[Event "Chess.com Classic Div 2 W"]
[Site "chess.com INT"]
[Date "2024.05.14"]
[Round "5.4"]
[White "Vachier-Lagrave, Maxime"]
[Black "So, Wesley"]
[Result "0-1"]
[WhiteTitle "GM"]
[BlackTitle "GM"]
[WhiteElo "2732"]
[BlackElo "2757"]
[WhiteFideId "623539"]
[BlackFideId "5202213"]
[EventDate "2024.05.10"]
[EventType "k.o."]

1. e4 e6 2. d4 d5 3. exd5 exd5 4. Nf3 Bd6 5. c4 Nf6 6. c5 Be7 7. Qa4+ Bd7 8. Qc2
O-O 9. Bd3 Nc6 10. a3 Bg4 11. Nbd2 Ne4 12. Bxe4 dxe4 13. Qxe4 Bxf3 14. Nxf3 Bxc5
15. O-O Bxd4 16. Bg5 Re8 17. Qc2 Qc8 18. Rad1 Bb6 19. h3 h6 20. Bf4 Qe6 21. Rfe1
Qf6 22. Bg3 Qg6 23. Qxg6 fxg6 24. Be5 Rad8 25. Bc3 Kf7 26. Kf1 Rxe1+ 27. Rxe1 g5
28. Re4 Bc5 29. b4 Bd6 30. b5 Ne7 31. a4 Nd5 32. Bd4 Ra8 33. h4 Nf6 34. Bxf6
gxf6 35. g4 a6 36. hxg5 hxg5 37. bxa6 Rxa6 38. Rc4 Rb6 39. Nd4 Rb4 40. Rxb4 Bxb4
41. Ke2 Bc5 42. Nb3 Bb6 43. f3 Ke6 44. Kd3 Kd5 45. Nd2 Bd4 46. Nb3 Bf2 47. Na5
b6 48. Nb3 Be1 49. Nd4 c5 50. Ne2 c4+ 51. Kc2 Kc5 52. Kd1 Bf2 53. Kc2 Kb4 54.
Nc3 Bd4 55. Nb5 Be5 0-1